Skončenie podnikania FO
Kto sa považuje za podnikateľa. Zánik živnostenského oprávnenia. Zánik podnikania samostatne hospodáriaceho roľníka. Zánik oprávnenia na základe iných predpisov. Pozastavenie podnikania. Povinnosti podnikateľa pri ukončení podnikania. Uzatvorenie účtovníctva. Povinnosti vyplývajúce voči správcovi da...
Saved in:
| Main Author: | |
|---|---|
| Format: | Book Chapter |
| Language: | Slovak |
| Subjects: | |
| Tags: |
No Tags, Be the first to tag this record!
|
MARC
| LEADER | 00000naa a2200000 4500 | ||
|---|---|---|---|
| 001 | 0246310 | ||
| 005 | 20180711111259.8 | ||
| 041 | 0 | |a slo | |
| 044 | |a SK | ||
| 245 | 1 | 0 | |a Skončenie podnikania FO |c Anton Kolembus |
| 520 | |a Kto sa považuje za podnikateľa. Zánik živnostenského oprávnenia. Zánik podnikania samostatne hospodáriaceho roľníka. Zánik oprávnenia na základe iných predpisov. Pozastavenie podnikania. Povinnosti podnikateľa pri ukončení podnikania. Uzatvorenie účtovníctva. Povinnosti vyplývajúce voči správcovi dane. Daňové priznanie k dani z príjmov fyzických osôb. Príklady z praxe. | ||
| 610 | 2 | 0 | |a podnikanie |
| 610 | 2 | 0 | |a podnikatelia |
| 610 | 2 | 0 | |a osoby fyzické |
| 610 | 2 | 0 | |a živnostníci |
| 610 | 2 | 0 | |a účtovníctvo |
| 610 | 2 | 0 | |a dane z príjmov |
| 610 | 2 | 0 | |a priznania daňové |
| 610 | 2 | 0 | |a legislatíva |
| 100 | 1 | |a Kolembus, Anton | |